| 000 | 01637cam a2200349 a 4500 | ||
|---|---|---|---|
| 001 | 14110579 | ||
| 003 | ARRUPE | ||
| 005 | 20131220132442.0 | ||
| 008 | 050916s2006 nyuab b 001 0 eng | ||
| 010 | _a 2005044679 | ||
| 020 | _a9780374283544 (alk. paper) | ||
| 020 | _a0374283540 (alk. paper) | ||
| 040 |
_aDLC _cDLC _dDLC |
||
| 043 |
_aa-ii--- _ae-uk--- |
||
| 050 | 0 | 0 |
_aDS475 _b.G55 2006 |
| 082 | 0 | 0 |
_a954.03/508621 _222 |
| 100 | 1 |
_aGilmour, David, _d1952- _96231 |
|
| 245 | 1 | 4 |
_aThe ruling caste : _bimperial lives in the Victorian Raj / _cDavid Gilmour. |
| 250 | _a1st American ed. | ||
| 260 |
_aNew York : _bFarrar, Straus and Giroux, _c2006. |
||
| 300 |
_axxiii, 381 p., [16] p. of plates : _bill., maps ; _c24 cm. |
||
| 504 | _aIncludes bibliographical references (p. 349-359) and index. | ||
| 651 | 0 |
_aIndia _xPolitics and government _y19th century. _96232 |
|
| 651 | 0 |
_aGreat Britain _xColonies _zAsia _xAdministration _xHistory _y19th century. _96233 |
|
| 856 | 4 | 2 |
_3Contributor biographical information _uhttp://www.loc.gov/catdir/enhancements/fy0624/2005044679-b.html |
| 856 | 4 | 2 |
_3Publisher description _uhttp://www.loc.gov/catdir/enhancements/fy0624/2005044679-d.html |
| 856 | 4 | 1 |
_3Sample text _uhttp://www.loc.gov/catdir/enhancements/fy0643/2005044679-s.html |
| 856 | 4 | 2 |
_3Book review (H-Net) _uhttp://www.h-net.org/review/hrev-a0e9z0-aa |
| 906 |
_a7 _bcbc _corignew _d1 _eocip _f20 _gy-gencatlg |
||
| 942 |
_2lcc _cMONOGRAPH |
||
| 999 |
_c119429 _d119429 |
||